000 00433cam a22001217a 4500
008 180718b1968 xxu||||| |||| 00| 0 eng d
082 _aA81x54 In2/61/4/Pt6/5
100 _aCensus of India 1961
245 _aBihar: village survey monograph on Meromdega in Simdega subdivision, district Ranchi
260 _aDelhi
_bThe Manager of Publications
_c1968
300 _a62+p.
440 _aCensus of India 1961. Volume IV, Bihar. Part VI-No.5
999 _c483908
_d483908